000 00506nam a2200193Ia 4500
003 OSt
005 20250723100359.0
008 210210b1984 xxu||||| |||| 00| 0 eng d
040 _cAL
041 _aKannada
082 _aK894.3 GITM
100 _aGITA (K)
_dಗೀತಾ (ಕೆ)
_9219748
245 _aMuru mukhagalu.
_bಮೂರು ಮುಖಗಳು
260 _aMaisuru
_bSanthosha Prakashana
_c1984
300 _a104
690 _aKannada Fiction
_9219749
906 _aSG02858
942 _2ddc
_cBK
999 _c114003
_d114003